000 00430nam a2200157Ia 4500
008 230917s9999||||xx |||||||||||||| ||und||
020 _cPON10
040 _e12590
_aMAIN
041 _aEnglish
082 _a301.441 H279N
100 _aHaswell, Margaret
245 0 _aNature of poverty: A case history of the first quarter-century after world war II
260 _aLondon
_bMacmillan
_c1975
300 _ax,227 p.
942 _cBK
999 _c216379
_d216379